Hlasy z Austrálie

Bibliographic Details
Format: Journal
Language:Slovak
PhysicalDescription:6 zv.
Published: Epping Slovenská katolícka misia 1971-1976
Subjects:

MARC

LEADER 00000cas a2200000 a 4500
001 vtls001318893
003 SK-MaSNL
005 20260228155703.0
008 01 a19d19711976at r p 0 0b0slo c
035 |a SNK000271464 
040 |a SNK  |b slo  |c SNK  |e AACR2 
041 0 |a slo 
043 |a u-at--- 
044 |a at  |c AU 
072 7 |a 323  |x Vnútropolitický vývoj, politický život  |2 konspekt 
080 |a 323.15  |2 2011 
080 |a 27-64  |2 2011 
080 |a (=162.4)  |2 2011 
080 |a (94)  |2 2011 
080 |a 050  |2 2011 
080 |a 314.15-026.49(051)+(054)  |2 2011 
245 0 0 |a Hlasy z Austrálie 
260 |a Epping  |b Slovenská katolícka misia  |c 1971-1976 
300 |a 6 zv. 
310 |a Periodicita nie je známa 
362 0 |a 1971-1976  |z Exilová periodika/Formanová, Gruntorád, Přibáň/1999 ; SKP 
650 0 7 |a Slováci v zahraničí  |2 SNKPH  |9 14695 
651 7 |a Austrália  |2 SNKPHgeo  |9 16347 
655 7 |a krajanské periodiká  |2 SNKPH  |9 110004 
910 |a snk 
999 |c 200  |d 200 
952 |0 0  |1 0  |4 0  |7 0  |8 1  |a SNK  |b SNK  |d 2001-06-15  |i snkD 938/2001  |l 0  |o snkČSB 5121/4/1975  |p 17A0303792  |r 2005-01-02 00:00:00  |t č. 1-6  |w 2026-02-21  |y PREZ 
952 |0 0  |1 0  |4 0  |7 0  |8 1  |a SNK  |b SNK  |d 2001-06-15  |i snkD 939/2001  |l 0  |o snkČSB 5121/5/[1976]  |p 17A0303793  |r 2005-01-02 00:00:00  |t č. 3  |w 2026-02-21  |y PREZ  |z  č. 3, mesiace 7-9